| 000 | nam a22 a 4500 | ||
|---|---|---|---|
| 999 |
_c3404 _d3404 |
||
| 005 | 20170522152542.0 | ||
| 008 | 170522s1970 xxu||||| |||| 00| 0 eng d | ||
| 020 | _a0330026380 | ||
| 040 | _aAKMAL | ||
| 082 | _a658.3 WEB | ||
| 090 |
_a658.3 _b WEB |
||
| 100 | 1 |
_aG.H Webster _96879 |
|
| 245 |
_aThe Manager's Environment : _bAn Economic Apporoach _cG.H. Webster, J.M. Oliver |
||
| 260 |
_aLondon _bPan Books Ltd. London _c1970 |
||
| 300 |
_a268p _c22cm |
||
| 650 |
_amanagement _91462 |
||
| 942 |
_2ddc _cBOOK |
||